The Law of Supardari Disposal of Property: (Record no. 613049)
[ view plain ]
| 000 -LEADER | |
|---|---|
| fixed length control field | 00385nam a22001217a 4500 |
| 082 ## - DEWEY DECIMAL CLASSIFICATION NUMBER | |
| Classification number | 345.549105 |
| Author Mark | AWA |
| 100 ## - MAIN ENTRY--PERSONAL NAME | |
| Personal name | Awan, Malik Kushal |
| 245 ## - TITLE STATEMENT | |
| Title | The Law of Supardari Disposal of Property: |
| Remainder of title | with up-to-date case law / |
| Statement of responsibility, etc. | Malik Kushal Awan |
| 260 ## - PUBLICATION, DISTRIBUTION, ETC. | |
| Place of publication, distribution, etc. | Lahore : |
| Name of publisher, distributor, etc. | Insaf Law House, |
| Date of publication, distribution, etc. | 2021. |
| 300 ## - PHYSICAL DESCRIPTION | |
| Extent | 405 p. ; |
| 650 ## - SUBJECT ADDED ENTRY--TOPICAL TERM | |
| Topical term or geographic name entry element | Law, Law of Supardari |
| 942 ## - ADDED ENTRY ELEMENTS (KOHA) | |
| Source of classification or shelving scheme | |
| Koha item type | Book |
| 650 ## - SUBJECT ADDED ENTRY--TOPICAL TERM | |
| -- | 128033 |
| Withdrawn status | Lost status | Source of classification or shelving scheme | Damaged status | Not for loan | Permanent Location | Current Location | Date acquired | Total Checkouts | Full call number | Barcode | Date last seen | Price effective from | Koha item type |
|---|---|---|---|---|---|---|---|---|---|---|---|---|---|
| NUST Law School (NLS) | NUST Law School (NLS) | 03/02/2025 | 345.549105 AWA | NLS-252 | 03/02/2025 | 03/02/2025 | Book | ||||||
| NUST Law School (NLS) | NUST Law School (NLS) | 03/02/2025 | 345.549105 AWA | NLS-253 | 03/02/2025 | 03/02/2025 | Book | ||||||
| NUST Law School (NLS) | NUST Law School (NLS) | 03/02/2025 | 345.549105 AWA | NLS-254 | 03/02/2025 | 03/02/2025 | Book |
